00934nam a2200241Ia 450000500170000000800410001702000180005804100120007608200160008810000270010424501300013125000120026126000540027330000200032765000200034765000290036765000300039670000250042670000210045194200070047299900170047995201960049620260429112044.0260429s9999||||xx |||||||||||||| ||und|| a9789390175031 aEnglish a631.46bMIS aMishra, Bibhuti Bhusan 0aAgriculturally important microorganisms : bmechanisms and applications for sustainable agriculture / cBibhuti Bhusan Mishra a1st ed. aNew Delhi : bNew India Publishing Agency,c2021. axii, 243 p.; hb a Microorganisms a Sustainable agriculture aAgricultural microbiology a Nayak, Suraja Kumar a Pahari, Avishek cTB c52117d52117 001040708NFICaCUTNbCUTNc600d2026-04-29eInternational Books Services, New Delhi - Invoice No. IBS/2025-2026/192 on 09-02-2026l0o631.46 MISp57192r2026-04-29 11:20:44w2026-04-29yTB